000 00178 a2200097 4500
020 _a9780822577256
041 _aspa
100 _aSally M.Walker
245 _aLa Luz
942 _cBK
999 _c13312
_d13312